[Event "Lvov Ukrainian Chess Warriors"]
[Site "Lvov"]
[Date "2024.03.15"]
[Round "6"]
[White "Medvedyk, Vasyl"]
[Black "Pentsko, Stanislav"]
[Result "1/2-1/2"]
[WhiteElo "1957"]
[BlackElo "1634"]
[PlyCount "104"]
[EventDate "2024.03.15"]
[EventType "swiss (rapid)"]
[EventRounds "8"]
[EventCountry "UKR"]
[SourceTitle "CB12_2024"]
[SourceDate "2023.10.01"]
[SourceVersion "1"]
[SourceVersionDate "2023.10.01"]
[SourceQuality "1"]

1. e4 c5 2. a3 e6 3. b4 cxb4 4. axb4 Nf6 5. e5 Nd5 6. b5 d6 7. exd6 Bxd6 8. Bb2 0-0 9. Nf3 e5 10. Bc4 Nf4 11. g3 Nh3 12. d4 e4 13. Ng1 Re8 14. Nxh3 Bxh3 15. Qh5 Qd7 16. Kd2 Bb4+ 17. Kc1 g6 18. Qd5 Qc7 19. c3 Bf8 20. Be2 Bh6+ 21. Kd1 Nd7 22. Nd2 Nb6 23. Qc5 Qd7 24. Nf1 Rac8 25. Qb4 Nd5 26. Qb3 e3 27. f3 b6 28. Rg1 Rc7 29. Rc1 Rec8 30. c4 Bxf1 31. Rxf1 Ne7 32. g4 Bf4 33. Qd3 Bxh2 34. Qxe3 Qd6 35. f4 Qe6 36. Qxe6 fxe6 37. Bc3 Rf8 38. Bd2 Rd7 39. Ke1 Rxd4 40. c5 bxc5 41. Rxc5 Nd5 42. Bc4 Bxf4 43. Bxf4 Nxf4 44. Rc7 Ng2+ 45. Ke2 Rxf1 46. Bxe6+ Kf8 47. Kxf1 Nf4 48. Bc4 h5 49. gxh5 gxh5 50. Be2 Nxe2 51. Kxe2 Rb4 52. Rxa7 Rxb5 1/2-1/2

[Event "Lvov Ukrainian Chess Warriors"]
[Site "Lvov"]
[Date "2024.03.15"]
[Round "5"]
[White "Shykyravyi, Denys"]
[Black "Medvedyk, Vasyl"]
[Result "0-1"]
[WhiteElo "1805"]
[BlackElo "1957"]
[PlyCount "150"]
[EventDate "2024.03.15"]
[EventType "swiss (rapid)"]
[EventRounds "8"]
[EventCountry "UKR"]
[SourceTitle "CB12_2024"]
[SourceDate "2023.10.01"]
[SourceVersion "1"]
[SourceVersionDate "2023.10.01"]
[SourceQuality "1"]

1. d4 Nf6 2. c4 g6 3. Nc3 Bg7 4. e4 d6 5. Nf3 0-0 6. Be2 e5 7. d5 a5 8. 0-0 Na6 9. a3 Nc5 10. Qc2 Bd7 11. Be3 Ng4 12. Bg5 f6 13. Bd2 f5 14. b4 Nxe4 15. Nxe4 fxe4 16. Ne1 axb4 17. Bxb4 Qh4 18. Bxg4 Qxg4 19. c5 Bb5 20. cxd6 Bxf1 21. dxc7 Bd3 22. Qb3 Rf7 23. d6 Bb5 24. Rc1 Rc8 25. Nc2 Bh6 26. Ne3 Bxe3 27. Qxe3 Qe2 28. Qxe2 Bxe2 29. Bc5 Bb5 30. Rb1 Bc6 31. a4 Kg7 32. a5 Kf6 33. Rb6 Ke6 34. a6 bxa6 35. Rxc6 Kd5 36. Rb6 Kxc5 37. Rb8 Kxd6 38. Rxc8 Rxc7 39. Rd8+ Ke6 40. g3 Ra7 41. Re8+ Kd5 42. Rd8+ Kc4 43. Re8 Kd4 44. Rd8+ Kc4 45. Re8 Kd5 46. Rd8+ Ke6 47. Re8+ Kf6 48. Rf8+ Kg5 49. h4+ Kg4 50. Re8 a5 51. Rxe5 Kf3 52. Rc5 a4 53. Rc3+ Ke2 54. Ra3 Kd2 55. Kf1 Kc2 56. Ke2 Kb2 57. Re3 Re7 58. Kd2 Rd7+ 59. Ke2 Rd4 60. f3 exf3+ 61. Kxf3 a3 62. Re2+ Kb3 63. Re3+ Kb2 64. Re2+ Kc3 65. Ke3 Rd3+ 66. Kf4 Rd2 67. Re3+ Kb2 68. Kg5 a2 69. Re1 a1Q 70. Rxa1 Kxa1 71. Kh6 Rd7 72. g4 Kb2 73. g5 Kc3 74. h5 gxh5 75. Kxh5 Kd4 0-1

[Event "FIDE World Uni Blitz-D 1st"]
[Site "Tornelo INT"]
[Date "2021.03.13"]
[Round "10.28"]
[White "Lojovic, Matija"]
[Black "Medvedyk, Vasyl"]
[Result "1/2-1/2"]
[WhiteElo "2119"]
[BlackElo "1930"]
[PlyCount "140"]
[EventDate "2021.03.13"]
[EventType "swiss (blitz)"]
[EventRounds "10"]
[EventCountry "NET"]
[SourceTitle "EXT 2022"]
[Source "ChessBase"]
[SourceDate "2021.10.06"]
[SourceVersion "1"]
[SourceVersionDate "2021.10.06"]
[SourceQuality "1"]

1. d4 Nf6 2. Nc3 e6 3. e4 d5 4. exd5 exd5 5. Bd3 c5 6. dxc5 Bxc5 7. Nge2 0-0 8. 0-0 Nc6 9. Bg5 h6 10. Bh4 g5 11. Bg3 Bg4 12. Kh1 a6 13. f3 Bh5 14. Bf5 Bg6 15. Bxg6 fxg6 16. Qd3 Kg7 17. a3 Qd7 18. Rad1 Rad8 19. f4 Ba7 20. fxg5 hxg5 21. Qd2 Qg4 22. Qd3 d4 23. Nb1 Nd5 24. Rxf8 Rxf8 25. Ng1 Ne3 26. Re1 Qf5 27. Qb3 Rf7 28. Nd2 Qxc2 29. Rxe3 Qxd2 30. Rd3 Qc1 31. Rd1 Qc5 32. Nf3 g4 33. Nd2 Qf5 34. Qc4 Qf6 35. Ne4 Qf5 36. Nd6 Qf6 37. Nxf7 Qxf7 38. Qxf7+ Kxf7 39. Kg1 Ke6 40. Kf1 Ne5 41. Bxe5 Kxe5 42. Ke2 Ke4 43. Rd3 Bb8 44. Rb3 Bxh2 45. Rxb7 Be5 46. Rb6 a5 47. Kd2 g3 48. Rxg6 Bf4+ 49. Kd1 d3 50. Ra6 Ke3 51. Ke1 Be5 52. Rxa5 Bxb2 53. Ra4 Bc3+ 54. Kd1 Kf2 55. Rf4+ Kxg2 56. Rg4 Kh2 57. Rh4+ Kg1 58. Rc4 Ba5 59. Rc5 Bb6 60. Rd5 Kf2 61. Rxd3 g2 62. Rd2+ Kf1 63. Rxg2 Kxg2 64. Kc2 Kf3 65. Kb3 Bg1 66. Kc4 Ke4 67. a4 Ke5 68. a5 Kd6 69. a6 Kc7 70. a7 Bxa7 1/2-1/2

[Event "Anti Cheating Blitz Cup"]
[Site "Chess.com INT"]
[Date "2020.05.20"]
[Round "7"]
[White "Medvedyk, Vasyl"]
[Black "Sepehrkhoui, Ardeshir"]
[Result "1-0"]
[WhiteElo "1930"]
[BlackElo "2237"]
[PlyCount "91"]
[EventDate "2020.05.20"]
[EventType "swiss (blitz)"]
[EventRounds "11"]
[EventCountry "USA"]
[SourceTitle "CBM 196 Extra"]
[Source "ChessBase"]
[SourceDate "2020.07.31"]
[SourceVersion "1"]
[SourceVersionDate "2020.07.31"]
[SourceQuality "1"]

1. c4 g6 2. g3 Bg7 3. Bg2 c6 4. Nc3 Nf6 5. e4 0-0 6. Nge2 d6 7. 0-0 a5 8. d3 Na6 9. h3 Nc5 10. Be3 Ne6 11. f4 Nc7 12. a4 Na6 13. f5 Nb4 14. Qd2 d5 15. cxd5 cxd5 16. e5 Ne8 17. fxg6 hxg6 18. d4 Bf5 19. Bh6 Qd7 20. g4 Bd3 21. Rf3 Bxe2 22. Nxe2 Rc8 23. Nc3 Rc4 24. Be3 Nc7 25. Raf1 Ne6 26. Qf2 Nd3 27. Qe2 Nb4 28. Qf2 Nd8 29. g5 e6 30. h4 Qc6 31. h5 Nd3 32. Qh4 gxh5 33. Qxh5 Nxb2 34. Rh3 Re8 35. g6 Qd7 36. Qh7+ Kf8 37. Bh6 Ke7 38. Qxg7 Qc6 39. Rxf7+ Nxf7 40. gxf7 Kd8 41. fxe8Q+ Qxe8 42. Bg5+ Kc8 43. Rh8 Qxh8 44. Qxh8+ Kd7 45. Qd8+ Kc6 46. Qd6# 1-0

[Event "UKR-ch U20"]
[Site "Lvov"]
[Date "2017.02.23"]
[Round "3"]
[White "Bakhmatsky, Vladislav"]
[Black "Medvedyk, Vasyl"]
[Result "1-0"]
[WhiteElo "2444"]
[BlackElo "2067"]
[PlyCount "71"]
[EventDate "2017.02.21"]
[EventType "swiss"]
[EventRounds "9"]
[EventCountry "UKR"]
[SourceTitle "CBM 177 Extra"]
[Source "ChessBase"]
[SourceDate "2017.04.27"]
[SourceVersion "1"]
[SourceVersionDate "2017.04.27"]
[SourceQuality "1"]

1. e4 e6 2. d4 d5 3. Nd2 c5 4. exd5 Qxd5 5. dxc5 Nf6 6. Ngf3 Bxc5 7. Bc4 Qc6 8. Qe2 a6 9. 0-0 Nbd7 10. a3 0-0 11. b4 Bd6 12. Bb2 b6 13. Rad1 Bb7 14. Bd3 Bc7 15. Rfe1 e5 16. c4 Rfe8 17. Ne4 Nh5 18. Neg5 Ndf6 19. b5 Qc5 20. Ne4 Bxe4 21. Bxe4 Nxe4 22. Qxe4 axb5 23. cxb5 Qxb5 24. Bxe5 Bxe5 25. Nxe5 Qa4 26. Qd5 Qf4 27. g3 Qf6 28. Re3 Qe6 29. Qb7 Rab8 30. Qf3 g6 31. Nc6 Qf6 32. Nxb8 Rxb8 33. Qxf6 Nxf6 34. Rb3 b5 35. a4 Ra8 36. axb5 1-0

[Event "Lueneburg VMCG Youth"]
[Site "Lueneburg"]
[Date "2016.06.30"]
[Round "1"]
[White "Kotyk, Michael"]
[Black "Medvedyk, Vasyl"]
[Result "0-1"]
[WhiteElo "1857"]
[BlackElo "2094"]
[PlyCount "52"]
[EventDate "2016.06.30"]
[EventType "swiss"]
[EventRounds "5"]
[EventCountry "GER"]
[SourceTitle "EXT 2024"]
[Source "ChessBase"]
[SourceDate "2023.10.10"]
[SourceVersion "1"]
[SourceVersionDate "2023.10.10"]
[SourceQuality "1"]

1. e4 c5 2. Nf3 d6 3. d4 cxd4 4. Qxd4 Nc6 5. Bb5 Bd7 6. Bxc6 Bxc6 7. Nc3 Nf6 8. Bg5 e6 9. 0-0-0 Be7 10. Qe3 Qc7 11. Nd4 Rc8 12. f4 b5 13. Bxf6 Bxf6 14. f5 b4 15. Nce2 Ba4 16. Rd2 e5 17. Nb3 Qe7 18. h4 Bxh4 19. Rxh4 Qxh4 20. Rxd6 Bxb3 21. axb3 0-0 22. f6 Qe1+ 23. Rd1 Rxc2+ 24. Kxc2 Rc8+ 25. Kb1 Qxd1+ 26. Nc1 Qc2+ 0-1

[Event "Olkhovskiy Memorial rapid"]
[Site "Vinnytsia"]
[Date "2016.04.23"]
[Round "12"]
[White "Matviishen, Viktor"]
[Black "Medvedyk, Vasyl"]
[Result "1-0"]
[WhiteElo "2347"]
[BlackElo "2029"]
[PlyCount "77"]
[EventDate "2016.04.23"]
[EventType "swiss (rapid)"]
[EventRounds "13"]
[EventCountry "UKR"]
[SourceTitle "CBM 172 Extra"]
[Source "ChessBase"]
[SourceDate "2016.06.21"]
[SourceVersion "1"]
[SourceVersionDate "2016.06.21"]
[SourceQuality "1"]

1. e4 c5 2. Nf3 d6 3. d4 cxd4 4. Nxd4 Nf6 5. f3 a6 6. c4 e6 7. Nc3 Qc7 8. Be3 Nbd7 9. Qd2 b6 10. Be2 Bb7 11. 0-0 Be7 12. Rac1 0-0 13. Rfd1 Rac8 14. a3 Qb8 15. b4 Rfe8 16. Kh1 Bf8 17. Bg1 Qa8 18. Bf1 Red8 19. Qe1 Ne5 20. Na4 Nfd7 21. f4 Ng6 22. f5 exf5 23. exf5 Nf4 24. Qg3 Nh5 25. Qh4 Nhf6 26. Ne6 fxe6 27. fxe6 Ne5 28. Nxb6 Qb8 29. Nxc8 Qxc8 30. c5 Qxe6 31. Re1 Qb3 32. Rxe5 Bxg2+ 33. Bxg2 dxe5 34. c6 Qxa3 35. c7 Rc8 36. Qh3 Qxc1 37. Qxc8 Qc4 38. Qb7 Ng4 39. Bd5+ 1-0

[Event "Lvov Winter Cup"]
[Site "Lvov"]
[Date "2016.02.07"]
[Round "7"]
[White "Medvedyk, Vasyl"]
[Black "Hyshchuk, Andriy"]
[Result "1/2-1/2"]
[WhiteElo "2058"]
[BlackElo "1855"]
[PlyCount "72"]
[EventDate "2016.02.05"]
[EventType "swiss"]
[EventRounds "7"]
[EventCountry "UKR"]
[SourceTitle "EXT 2017"]
[Source "ChessBase"]
[SourceDate "2016.10.25"]
[SourceVersion "1"]
[SourceVersionDate "2016.10.25"]
[SourceQuality "1"]

1. Nf3 Nc6 2. d4 d5 3. g3 Bf5 4. Bg2 h6 5. 0-0 Nf6 6. c4 e6 7. Ne5 Nxe5 8. dxe5 Ne4 9. Nd2 Nxd2 10. Bxd2 c6 11. Qb3 Qb6 12. Qxb6 axb6 13. cxd5 exd5 14. e4 dxe4 15. Rfe1 Bc5 16. Bxe4 Be6 17. Bc3 0-0 18. b3 Rfd8 19. Bc2 Bd4 20. Bxd4 Rxd4 21. Rad1 Rad8 22. Rxd4 Rxd4 23. Rd1 Rxd1+ 24. Bxd1 Kf8 25. f4 b5 26. a3 b6 27. Kf2 Ke7 28. Ke3 Kd7 29. Bc2 g6 30. Bd1 h5 31. Bc2 c5 32. b4 Bf5 33. Bd1 Be6 34. Bc2 Bf5 35. Bd1 Be6 36. Bc2 Bf5 1/2-1/2